000 01010nam a2200265Ia 4500
003 OSt
005 20221005113454.0
006 a|||||r|||| 00| 0
007 ta
008 221004b |||||||| |||| 00| 0 pan d
020 _c150
024 _a116936
037 _b617, 23/02/2012, H.K. Prakashan
_cTextual
040 _aCRL
_cCRL
_bpan
041 _2pan
_apan
082 _aO157,1M61x, 153Q0.11
100 _aਟੈਗੋਰ, ਰਬਿੰਦਰ ਨਾਥl ਗੁਰਬਚਨ ਸਿੰਘ, ਥਦ।
_9624520
245 0 _aਉਹ
260 _aਲੁਧਿਆਣਾ
_bਪੰਜਾਬੀ ਸਾਹਿਤ ਅਕਾਦਮੀ ਭਾਰਤ
_c2010
300 _a124ਪੰ
_ccm.
490 _aਟੈਗੋਰ ਰਚਨਾਵਲੀ
650 _aਬੰਗਾਲੀ ਸਾਹਿਤ
942 _hO157,1M61x, 153Q0.11
_cTEXL
_2cc
999 _c1028309
_d1028309